John shines through Augustine / (Record no. 9017)
[ view plain ]
| 000 -LEADER | |
|---|---|
| fixed length control field | 00914nam a22002531 4500 |
| 001 - CONTROL NUMBER | |
| control field | 2619137 |
| 003 - CONTROL NUMBER IDENTIFIER | |
| control field | GBCCL |
| 005 - DATE AND TIME OF LATEST TRANSACTION | |
| control field | 20241126110703.0 |
| 008 - FIXED-LENGTH DATA ELEMENTS--GENERAL INFORMATION | |
| fixed length control field | 910930s1960 enk eng u |
| 010 ## - | |
| -- | 61008212 |
| 040 ## - CATALOGING SOURCE | |
| Transcribing agency | GBC |
| 082 ## - DEWEY DECIMAL CLASSIFICATION NUMBER | |
| Classification number | 252 |
| Item number | AUG |
| 090 ## - LOCALLY ASSIGNED LC-TYPE CALL NUMBER (OCLC); LOCAL CALL NUMBER (RLIN) | |
| Classification number (OCLC) (R) ; Classification number, CALL (RLIN) (NR) | BS2615 |
| Local cutter number (OCLC) ; Book number/undivided call number, CALL (RLIN) | .A83 |
| 100 0# - MAIN ENTRY--PERSONAL NAME | |
| Personal name | Augustine, |
| Titles and words associated with a name | of Hippo, Saint, |
| Dates associated with a name | 354-430 |
| 9 (RLIN) | 8628 |
| 245 10 - TITLE STATEMENT | |
| Title | John shines through Augustine / |
| Statement of responsibility, etc. | selections from the sermons of Augustine on the Gospel according to Saint John ; translated by A.P. Carleton |
| 260 ## - PUBLICATION, DISTRIBUTION, ETC. | |
| Place of publication, distribution, etc. | London : |
| Name of publisher, distributor, etc. | United Society for Christian Literature, |
| Date of publication, distribution, etc. | 1960 |
| 300 ## - PHYSICAL DESCRIPTION | |
| Extent | 79 p. ; |
| Dimensions | 19 cm |
| 490 1# - SERIES STATEMENT | |
| Series statement | World Christian books ; |
| Volume/sequential designation | no. 34, 2d ser |
| 650 #4 - SUBJECT ADDED ENTRY--TOPICAL TERM | |
| Topical term or geographic name entry element | Sermons, Latin |
| General subdivision | Translations into English |
| 9 (RLIN) | 15745 |
| 650 #4 - SUBJECT ADDED ENTRY--TOPICAL TERM | |
| Topical term or geographic name entry element | Sermons, English |
| General subdivision | Translations from Latin |
| 9 (RLIN) | 15746 |
| 700 1# - ADDED ENTRY--PERSONAL NAME | |
| Personal name | Carleton, Arthur Patrick |
| 9 (RLIN) | 15747 |
| 830 #0 - | |
| -- | World Christian books ; |
| -- | no. 34, 2d ser |
| -- | 9153 |
| 942 ## - ADDED ENTRY ELEMENTS (KOHA) | |
| Source of classification or shelving scheme | Dewey Decimal Classification |
| Koha item type | Books |
| Withdrawn status | Lost status | Source of classification or shelving scheme | Damaged status | Not for loan | Home library | Current Library | Shelving location | Date acquired | Total checkouts | Full call number | Barcode | Date last seen | Date last checked out | Copy number | Price effective from | Koha item type |
|---|---|---|---|---|---|---|---|---|---|---|---|---|---|---|---|---|
| Dewey Decimal Classification | GRACE BIBLE COLLEGE | GRACE BIBLE COLLEGE | Ministry & Mission | 2022-02-23 | 1 | 252 AUG | 005486 | 2025-10-09 | 2025-10-03 | c.1 | 2022-02-23 | Books |